[Event "Tourn. n8598"]
[Site "www.chess-mail.com"]
[Date "2016.03.31"]
[Round "1"]
[White "Cal"]
[Black "Vinvangogh"]
[WhiteElo "1580"]
[BlackElo "1550"]
[Result "1-0"]
[Round "1"]
1.Nb1c3 e5
2.e4 Ng8f6
3.a3 c5
4.d3 Bf8d6
5.h3 Nb8c6
6.b3 Nc6d4
7.Bc1g5 a5
8.Nc3d5 Nd4e6
9.Ng1f3 Ne6d4
10.c3 Nd4e6
11.Bf1e2 Ne6xg5
12.Nf3xg5 Nf6xd5
13.h4 O-O
14.c4 Nd5f6
15.O-O b6
16.h5 Bd6c7
17.g3 d5
18.cxd5 h6
19.Ng5f3 Nf6xh5
20.Nf3h4 f5
21.Be2xh5 fxe4
22.dxe4 Rf8f6
23.f3 a4
24.b4 cxb4
25.axb4 b5
26.g4 Rf6f4
27.Nh4g6 Rf4f6
28.Ng6h4 g5
29.Nh4g6 Kg7
30.Qd1d3 Bc7b6
31.Kg2 a3
32.Ra1xa3 Bc8b7
33.Ra3xa8 Qd8xa8
34.d6 Qa8a2
35.Kg3 Qa2f7
36.Ng6xe5 Qf7a2
37.d7 Rf6f8
38.Qd3d6 Qa2e2
39.Qd6e7 Kg8
40.Bh5f7 Kg7
41.Bf7c4 Kh8
42.Ne5g6  { time }
1-0

[Event "Tourn. n8705"]
[Site "www.chess-mail.com"]
[Date "2016.03.31"]
[Round "1"]
[White "Malbertan"]
[Black "Elogic"]
[WhiteElo "2100"]
[BlackElo "1800"]
[Result "1-0"]
[Round "1"]
1.e4 g6
2.d4 d5
3.e5 f6
4.f4 f5
5.Ng1f3 a6
6.Bf1e2 Bc8d7
7.O-O e6
8.Nf3g5 h6
9.Ng5h3 Nb8c6
10.c3 Bf8e7
11.Nb1d2 b5
12.Rf1f3 g5
13.fxg5 hxg5
14.Rf3g3 g4
15.Be2xg4 fxg4
16.Qd1xg4 Ng8h6
17.Qg4g6 Nh6f7
18.Nd2f3 Be7f8
19.Bc1g5 Nc6e7
20.Bg5xe7 Qd8xe7
21.Nf3g5 Rh8h6
22.Qg6xf7 Qe7xf7
23.Ng5xf7 Kxf7
24.Ra1f1 Ke7
25.Rg3g8 Rh6h7
26.Nh3f4 Kf7
27.Rg8g3 Bf8h6
28.Nf4xd5 { resign }
1-0

[Event "Tourn. n8612"]
[Site "www.chess-mail.com"]
[Date "2016.03.31"]
[Round "1"]
[White "Iko"]
[Black "Gatrooper"]
[WhiteElo "1650"]
[BlackElo "1600"]
[Result "1-0"]
[Round "1"]
1.e4 e5
2.Ng1f3 Nb8c6
3.Bf1b5 a6
4.Bb5xc6 dxc6
5.Nf3xe5 Qd8f6
6.Ne5f3 Bc8g4
7.h3 Bg4xf3
8.Qd1xf3 Qf6h6
9.O-O Bf8e7
10.d3 Qh6g6
11.Qf3f4 Be7d6
12.Qf4f5 Qg6xf5
13.exf5 Ng8f6
14.Rf1e1 Bd6e7
15.Bc1f4 Nf6d5
16.g3 O-O
17.Bf4xc7 Nd5xc7
18.Re1xe7 Nc7d5
19.Re7xb7 Ra8b8
20.Rb7xb8 Rf8xb8
21.c4 Nd5f6
22.b3 a5
23.Nb1c3 h5
24.g4 hxg4
25.hxg4 Nf6xg4
26.f3 Ng4e3
27.Ra1e1 Ne3c2
28.Re1e5 Nc2d4
29.Kf2 Rb8a8
30.Ke3 f6
31.Re5c5 Ra8e8
32.Kxd4 g5
33.Rc5xa5 Re8d8
34.Ke4 Rd8e8
35.Kd4 Re8d8
36.Kc5 Rd8xd3
37.Nc3a4 Rd3xf3
38.Kxc6 Kg7
39.c5 Rf3xf5
40.b4 g4
41.Kb6 g3
42.c6 Rf5f3
43.c7 Rf3f1
44.c8Q Rf1a1
45.Qc8g4 Kf7
46.Qg4d7 Kg6
47.Qd7g4 Kf7
48.Ra5a7 Kf8
49.Qg4c8 { resign }
1-0

[Event "Tourn. n8601"]
[Site "www.chess-mail.com"]
[Date "2016.03.31"]
[Round "1"]
[White "Gfalk"]
[Black "Gatrooper"]
[WhiteElo "1869"]
[BlackElo "1650"]
[Result "1-0"]
[Round "1"]
1.f4 f5
2.b3 d5
3.Ng1f3 Nb8c6
4.e3 e6
5.Bc1b2 a6
6.c4 dxc4
7.bxc4 h6
8.Bf1e2 Ng8f6
9.d3 Bf8b4
10.Nb1c3 Bb4xc3
11.Bb2xc3 Nf6g4
12.Qd1d2 Bc8d7
13.h3 Ng4f6
14.Qd2c2 Nf6h5
15.Kf2 Rh8g8
16.g4 Nh5f6
17.gxf5 exf5
18.e4 fxe4
19.dxe4 Qd8e7
20.e5 Nf6h7
21.Qc2xh7 O-O-O
22.Bc3d2 Rd8f8
23.Be2d3 Rg8h8
24.Qh7g6 Bd7e8
25.Bd3f5 Kb8
26.Qg6e6 Qe7xe6
27.Bf5xe6 g5
28.f5 Be8h5
29.Bd2c3 Bh5xf3
30.Kxf3 Rf8d8
31.Be6d5 Nc6e7
32.e6 Ne7xf5
33.Bc3xh8 Rd8xh8
34.Ra1b1 b6
35.Rh1e1 Nf5d4
36.Kg2 Nd4c2
37.Re1e4 a5
38.e7 Rh8e8
39.Bd5c6 Re8c8
40.e8Q Rc8xe8
41.Re4xe8 Ka7
42.Re8a8 
1-0

[Event "Tourn. n8694"]
[Site "www.chess-mail.com"]
[Date "2016.03.31"]
[Round "1"]
[White "Cal"]
[Black "Daquata"]
[WhiteElo "1660"]
[BlackElo "1670"]
[Result "1-0"]
[Round "1"]
1.c4 Ng8f6
2.Nb1c3 g6
3.e4 e5
4.a3 Bf8g7
5.b4 d6
6.d3 Nb8d7
7.Ng1f3 O-O
8.h3 c5
9.b5 Rf8e8
10.Bf1e2 b6
11.O-O Bc8b7
12.Bc1g5 h6
13.Bg5xf6 Nd7xf6
14.Nf3h2 Qd8e7
15.f4 exf4
16.Rf1xf4 Qe7e5
17.Qd1d2 Nf6d7
18.Ra1c1 h5
19.Nc3d5 Bb7xd5
20.cxd5 Bg7h6
21.g3 Bh6xf4
22.gxf4 Qe5d4
23.Kg2 Re8xe4
24.Rc1c4 Qd4xd5
25.Be2f3 { resign }
1-0

[Event "Match"]
[Site "www.echecsemail.com"]
[Date "2016.03.31"]
[Round "1"]
[White "Genius9"]
[Black "Chtoubidou"]
[WhiteElo "1770"]
[BlackElo "1930"]
[Result "1-0"]
[Round "1"]
1.e4 b6
2.d4 Bc8b7
3.Nb1c3 e6
4.a3 Ng8f6
5.e5 Nf6e4
6.Nc3xe4 Bb7xe4
7.Ng1f3 c5
8.Bc1e3 Qd8c8
9.Bf1d3 Be4xd3
10.Qd1xd3 Nb8c6
11.dxc5 Bf8xc5
12.Be3xc5 bxc5
13.O-O O-O
14.Ra1d1 Rf8d8
15.Qd3e4 Ra8b8
16.b3 Qc8a6
17.a4 Nc6e7
18.Qe4d3 Qa6xd3
19.Rd1xd3 Ne7d5
20.Rf1d1 Kf8
21.h3 Ke7
22.g3 Nd5b4
23.Rd3d2 d6
24.exd6 Kd7
25.Nf3e5 Ke8
26.c3 { resign }
1-0

[Event "Match"]
[Site "www.echecsemail.com"]
[Date "2016.03.31"]
[Round "1"]
[White "Ericleo1980"]
[Black "Vinvangogh"]
[WhiteElo "2230"]
[BlackElo "1480"]
[Result "1-0"]
[Round "1"]
1.e4 e5
2.Ng1f3 d5
3.Nf3xe5 Bc8e6
4.exd5 Be6xd5
5.d4 Qd8e7
6.Qd1e2 Nb8d7
7.Ne5xd7 Qe7xe2
8.Kxe2 O-O-O
9.Nd7xf8 Ng8f6
10.Nf8xh7  { time }
1-0

[Event "Match"]
[Site "www.echecsemail.com"]
[Date "2016.03.31"]
[Round "1"]
[White "Fangshuo"]
[Black "Vinvangogh"]
[WhiteElo "2120"]
[BlackElo "1480"]
[Result "1-0"]
[Round "1"]
1.e4 e5
2.Ng1f3 Nb8c6
3.Bf1b5 d5
4.exd5 Qd8xd5
5.Nb1c3 Qd5d8
6.Bb5xc6 bxc6
7.Nf3xe5 Qd8e7
8.d4 Bc8b7
9.Qd1g4 c5
10.O-O cxd4
11.Qg4xd4 Ra8d8
12.Qd4a4 c6
13.Bc1f4 Ng8f6
14.Rf1e1  { time }
1-0

[Event "Match"]
[Site "www.echecsemail.com"]
[Date "2016.03.31"]
[Round "1"]
[White "Afrikanu007"]
[Black "Tomcapp"]
[WhiteElo "1499"]
[BlackElo "1560"]
[Result "1-0"]
[Round "1"]
1.e4 e5
2.Ng1f3 Nb8c6
3.Bf1c4 Ng8f6
4.Nb1c3 Bf8b4
5.Nc3d5 Nf6xd5
6.Bc4xd5 d6
7.Bd5xc6 bxc6
8.a3 c5
9.axb4 c4
10.O-O a6
11.h3 c5
12.b5 c3
13.b3 cxd2
14.Qd1xd2 Bc8e6
15.Ra1xa6 Ra8xa6
16.bxa6 Qd8a8
17.Qd2xd6 Qa8d8
18.Qd6xe5 Rh8g8
19.Qe5xc5 h6
20.Nf3e5 f6
21.Ne5c6 Qd8c7
22.Bc1f4 Qc7f7
23.Rf1d1 Be6d7
24.Nc6b8 g5
25.Rd1xd7 Qf7xd7
26.Nb8xd7 Kf7
27.Qc5d5 Kg7
28.Bf4d6 Rg8a8
29.Qd5xa8 Kg6
30.Qa8e8 Kh7
31.Nd7xf6 { resign }
1-0

[Event "Match"]
[Site "www.echecsemail.com"]
[Date "2016.03.31"]
[Round "1"]
[White "Billyg"]
[Black "Snickers"]
[WhiteElo "1610"]
[BlackElo "1809"]
[Result "0-1"]
[Round "1"]
1.e4 c6
2.d4 d5
3.exd5 cxd5
4.Bf1b5 Nb8d7
5.Bc1d2 a6
6.Bb5a4 Ng8f6
7.Qd1e2 e6
8.Nb1c3 Bf8e7
9.O-O-O b5
10.Ba4b3 O-O
11.Qe2f3 Bc8b7
12.a4 b4
13.Nc3a2 a5
14.c4 dxc4
15.Qf3xb7 cxb3
16.Na2xb4 Ra8b8
17.Qb7a7 Be7xb4
18.Bd2e3 Qd8c8
19.Kb1 Qc8c2
20.Ka1 Qc2xd1
{ resign }
0-1

[Event "Match"]
[Site "www.echecsemail.com"]
[Date "2016.03.31"]
[Round "1"]
[White "Potemkine"]
[Black "Timt"]
[WhiteElo "1520"]
[BlackElo "1279"]
[Result "1-0"]
[Round "1"]
1.d4 h6
2.Ng1f3 e6
3.e4 a5
4.Bc1e3 Nb8c6
5.c3 Ng8f6
6.Nb1d2 d5
7.e5 Nf6e4
8.Qd1e2 Ra8a6
9.g3 Ra6b6
10.Ra1b1 g5
11.Bf1h3 f5
12.g4 f4
13.Nd2xe4 fxe3
14.Ne4f6 Kf7
15.fxe3 a4
16.a3 Bf8xa3
17.Qe2c2 Ba3f8
18.Qc2xa4 Nc6e7
19.b4 Ne7g6
20.Bh3f1 Qd8e8
21.Qa4xe8 Kg7
22.Qe8xc8 Bf8xb4
23.Qc8xc7 Kf8
24.Qc7xb6 { resign }
1-0

[Event "Match"]
[Site "www.echecsemail.com"]
[Date "2016.03.31"]
[Round "1"]
[White "Paaliaq"]
[Black "Fkarpov"]
[WhiteElo "1849"]
[BlackElo "2160"]
[Result "1-0"]
[Round "1"]
1.e4 e5
2.f4 exf4
3.Ng1f3 Bf8e7
4.Bf1c4 Ng8f6
5.Qd1e2 O-O
6.Nb1c3 Be7b4
7.O-O c6
8.e5 Nf6g4
9.a3 Bb4xc3
10.dxc3 d5
11.Bc4d3 Qd8b6
12.Kh1 Ng4e3
13.Nf3g5 g6
14.Rf1xf4 Ne3c4
15.e6 Bc8xe6
16.Ng5xe6 Rf8e8
17.Rf4xf7 Kxf7
18.Ne6g5 Kf8
19.Ng5xh7 Kf7
20.Bd3xg6 Kxg6
21.Qe2xe8 { resign }
1-0

[Event "Match"]
[Site "www.echecsemail.com"]
[Date "2016.03.31"]
[Round "1"]
[White "Rindrandria"]
[Black "Ranjachess"]
[WhiteElo "1530"]
[BlackElo "1790"]
[Result "1-0"]
[Round "1"]
1.Ng1h3 e5
2.c3 d5
3.Qd1b3 Bc8xh3
4.gxh3 Bf8c5
5.Qb3xb7 Nb8d7
6.Qb7xd5 Qd8f6
7.Qd5xa8 Ke7
8.e3 c6
9.b4 Bc5b6
10.a4 a5
11.bxa5 Bb6c7
12.Bc1a3 Bc7d6
13.Qa8xc6 Ng8h6
14.Bf1b5 Rh8d8
15.c4 Kf8
16.Ba3xd6 Kg8
17.Qc6c7 Nh6f5
18.Bd6b4 Nd7f8
19.Bb4c3 Nf5d6
20.f4 Nd6e4
21.Qc7xe5 Ne4xc3
22.Nb1xc3 Qf6g6
23.O-O-O f6
24.Qe5e7 Qg6d3
25.c5 Rd8d7
26.Qe7e8 Qd3f5
27.Bb5xd7 Qf5xd7
28.Qe8h5 f5
29.Rh1g1 g6
30.Nc3b5 Kh8
31.Qh5h4 Qd7g7
32.Nb5d6 Qg7a1
33.Kc2 Qa1xa4
34.Kd3 Qa4d7
35.Qh4h6 Qd7e7
36.Rd1b1 Kg8
37.Rb1b7 Qe7f6
38.Rb7f7 Qf6d8
39.Qh6g7 
1-0

[Event "Match"]
[Site "www.echecsemail.com"]
[Date "2016.03.31"]
[Round "1"]
[White "Ericleo1980"]
[Black "Starwind"]
[WhiteElo "2350"]
[BlackElo "1929"]
[Result "0-1"]
[Round "1"]
1.e4 e6
2.d4 d5
3.Nb1c3 Ng8f6
4.Bc1g5 dxe4
5.Nc3xe4 Bf8e7
6.Ne4xf6 Be7xf6
7.Bg5xf6 Qd8xf6
8.Ng1f3 O-O
9.Bf1d3 c5
10.c3 cxd4
11.cxd4 Nb8c6
12.Ra1c1 Rf8d8
13.Rc1c4 e5
14.dxe5 Nc6xe5
15.Nf3xe5 Qf6xe5
16.Kf1 Bc8f5
17.Rc4c3 Bf5xd3
18.Rc3xd3 Qe5b5
19.Ke2 Rd8xd3
20.Qd1xd3 Ra8e8
21.Kd2 Qb5xb2
{ resign }
0-1

[Event "Match"]
[Site "www.echecsemail.com"]
[Date "2016.03.31"]
[Round "1"]
[White "Elogic"]
[Black "Pinehill"]
[WhiteElo "1900"]
[BlackElo "2050"]
[Result "0-1"]
[Round "1"]
1.f4 Ng8f6
2.Ng1f3 d5
3.Nb1c3 Bc8f5
4.d3 e6
5.Nf3e5 Bf8b4
6.Bc1d2 c5
7.a3 Bb4xc3
8.Bd2xc3 d4
9.Bc3d2 Nb8d7
10.Ne5xd7 Qd8xd7
11.h3 O-O
12.g4 Bf5g6
13.Rh1g1 h5
14.e3 hxg4
15.hxg4 Nf6d5
16.e4 Nd5b6
17.f5 exf5
18.gxf5 Bg6h7
19.Qd1h5 f6
20.Rg1h1 g5
21.O-O-O Rf8f7
22.Bf1e2 Rf7g7
23.Rd1g1 Ra8f8
24.Be2g4 Rf8f7
25.Rg1g3 Qd7e7
26.Qh5h6 Nb6d7
27.b4 b6
28.bxc5 bxc5
29.c3 Nd7e5
30.Bg4h5 Ne5xd3
31.Rg3xd3 Qe7xe4
32.Bh5xf7 Rg7xf7
33.Rd3h3 Qe4xf5
34.cxd4 Qf5b1

0-1

[Event "Match"]
[Site "www.echecsemail.com"]
[Date "2016.03.31"]
[Round "1"]
[White "Milkyway"]
[Black "Bjornhn"]
[WhiteElo "1809"]
[BlackElo "1699"]
[Result "1-0"]
[Round "1"]
1.e4 c5
2.Ng1f3 Nb8c6
3.Bf1b5 a6
4.Bb5xc6 bxc6
5.O-O d5
6.d3 Bc8g4
7.h3 Bg4h5
8.Rf1e1  { time }
1-0

[Event "Match"]
[Site "www.echecsemail.com"]
[Date "2016.03.31"]
[Round "1"]
[White "Genius9"]
[Black "Wwgia"]
[WhiteElo "1770"]
[BlackElo "2130"]
[Result "1/2-1/2"]
[Round "1"]
1.d4 Ng8f6
2.c4 g6
3.b3 Bf8g7
4.Bc1b2 O-O
5.Ng1f3 c5
6.e3 d5
7.Bf1e2 Nb8c6
8.dxc5 Qd8a5
9.Bb2c3 Qa5xc5
10.cxd5 Rf8d8
11.O-O Rd8xd5
12.Qd1c1 Bc8f5
13.Be2c4 Bf5d3
14.Bc4xd5 Qc5xd5
15.Rf1d1 Qd5f5
16.Nb1d2 Bd3a6
17.Nf3d4 Nc6xd4
18.Bc3xd4 b6
19.Nd2f3 Ra8c8
20.Qc1a3 Ba6e2
21.Ra1c1 Rc8xc1
22.Qa3xc1 Be2xd1
23.Qc1xd1 { draw }
1/2-1/2

[Event "Match"]
[Site "www.echecsemail.com"]
[Date "2016.03.31"]
[Round "1"]
[White "Manolinex"]
[Black "Aperturaf"]
[WhiteElo "2890"]
[BlackElo "2500"]
[Result "1-0"]
[Round "1"]
1.d4 d5
2.Ng1f3 e6
3.c4 Ng8f6
4.Nb1c3 Nb8d7
5.Bc1g5 h6
6.Bg5h4 Bf8e7
7.e3 O-O
8.Qd1c2 c5
9.Ra1d1 cxd4
10.Rd1xd4 Nd7b6
11.Bf1e2 Bc8d7
12.O-O Ra8c8
13.Rf1d1  { time }
1-0

[Event "1/16 Finale"]
[Site "www.chess-mail.com"]
[Date "2016.03.31"]
[Round "1"]
[White "Mrfunk"]
[Black "Asoka"]
[WhiteElo "2380"]
[BlackElo "2760"]
[Result "1/2-1/2"]
[Round "1"]
1.e4 e5
2.Ng1f3 Nb8c6
3.Bf1b5 a6
4.Bb5a4 Ng8f6
5.O-O Bf8e7
6.Rf1e1 b5
7.Ba4b3 O-O
8.a4 b4
9.d4 d6
10.dxe5 dxe5
11.Qd1xd8 Rf8xd8
12.Nb1d2 Be7c5
13.Nd2c4 Bc8e6
14.Nf3xe5 Nc6xe5
15.Nc4xe5 Be6xb3
16.cxb3 Nf6xe4
17.Bc1e3 Rd8d5
18.Ne5c4 Bc5xe3
19.Nc4xe3 Rd5d8
20.Ra1c1 c5
21.Ne3c4 Ne4g5
22.Nc4b6 Ra8b8
23.Rc1xc5 Rb8xb6
24.Rc5d5 Rb6b8
25.Rd5xg5 Rd8d2
26.Rg5e5 g6
27.Re5e2 Rb8d8
28.g3 Rd2xe2
29.Re1xe2 Rd8d3
30.Re2e3 Rd3d2
31.Re3e8 Kg7
32.Re8a8 Rd2xb2
33.Ra8xa6 Rb2xb3
34.Ra6b6 Rb3b1
{ draw }
1/2-1/2

[Event "1/64 Finale"]
[Site "www.chess-mail.com"]
[Date "2016.03.31"]
[Round "1"]
[White "Sandokam"]
[Black "Jose"]
[WhiteElo "2150"]
[BlackElo "2730"]
[Result "0-1"]
[Round "1"]
1.e4 c5
2.Ng1f3 d6
3.g3 g6
4.Bf1g2 Bf8g7
5.O-O Nb8c6
6.d3 e5
7.Bc1e3 Ng8e7
8.Nb1c3 O-O
9.a3 Bc8g4
10.Qd1d2 Nc6d4
11.Be3xd4 cxd4
12.Nc3e2 Ne7c6
13.c4 a5
14.b3 Ra8b8
15.h3 Bg4d7
16.Kh2 Qd8e7
17.Nf3e1 b5
18.f4 bxc4
19.bxc4 Rb8b3
20.Ne2c1 Rb3b6
21.Rf1f2 Rf8b8
22.Qd2d1 exf4
23.Rf2xf4 Bg7h6
24.Rf4f2 Rb6b1
{ resign }
0-1

[Event "Eq:La Taverne-Los Tercios : "]
[Site "www.chess-mail.com"]
[Date "2016.03.31"]
[Round "1"]
[White "Coraza8091"]
[Black "Shihchuliao"]
[WhiteElo "1730"]
[BlackElo "2070"]
[Result "0-1"]
[Round "1"]
1.e4 c6
2.Bf1c4 b5
3.Bc4xf7 Kxf7
4.Qd1f3 Ke8
5.Ng1h3 e6
6.d3 Ng8f6
7.Bc1g5 Bf8e7
8.O-O Bc8b7
9.Nb1d2 c5
10.a4 b4
11.Bg5xf6 Be7xf6
12.Qf3h5 g6
13.Qh5xc5 Nb8c6
14.a5 Bf6e7
15.Qc5b5 Ra8b8
16.Qb5c4 Nc6e5
17.Qc4d4 Qd8c7
18.Nd2c4 Be7f6
19.Qd4xa7 Ne5xc4
20.dxc4 Rb8a8
21.Qa7e3 Ra8xa5
22.c3 bxc3
23.bxc3 Ra5xa1
24.Rf1xa1 Qc7xc4
25.Ra1a7 Bb7xe4
26.Qe3d2 Be4c6
27.Ra7a3 Ke7
28.Qd2e1 Qc4d5
29.f3 Qd5c5
30.Kh1 Qc5xa3
31.Nh3f4 Bf6xc3
32.Qe1h4 Bc3f6
33.Qh4e1 Bc6xf3
34.gxf3 Qa3xf3
35.Nf4g2 Rh8b8
{ resign }
0-1

[Event "Fast Game"]
[Site "www.echecsemail.com"]
[Date "2016.03.31"]
[Round "1"]
[White "Sargentoabel"]
[Black "Knightjumper"]
[WhiteElo "1599"]
[BlackElo "1640"]
[Result "1-0"]
[Round "1"]
1.e4 d5
2.exd5 Qd8xd5
3.Nb1c3 Qd5d6
4.Ng1f3 Bc8g4
5.d4 c6
6.Bc1e3 Ng8f6
7.h3 Bg4xf3
{ time. }
1-0

[Event "Tourn. n8677"]
[Site "www.chess-mail.com"]
[Date "2016.04.01"]
[Round "1"]
[White "Tonino1"]
[Black "Umzi"]
[WhiteElo "2250"]
[BlackElo "2200"]
[Result "0-1"]
[Round "1"]
1.d4 d5
2.Ng1f3 Ng8f6
3.e3 e6
4.Bf1d3 c5
5.b3 cxd4
6.exd4 Bf8d6
7.Bc1b2 O-O
8.Nb1d2 b6
9.O-O Nb8d7
10.Nf3e5 Nf6e8
11.f4 Nd7xe5
12.fxe5 Bd6c7
13.Bb2a3 Qd8h4
14.Ba3xf8 Qh4xd4
15.Kh1 Kxf8
16.Qd1f3 f6
17.exf6 Ne8xf6
18.g4 h6
19.h4 Kg8
20.Rf1g1 e5
21.g5 Qd4xh4
22.Kg2 Qh4xg5
23.Kf1 Qg5xd2
24.Qf3xf6 Bc8h3
 { time }
0-1

[Event "Tourn. n8660"]
[Site "www.chess-mail.com"]
[Date "2016.04.01"]
[Round "1"]
[White "Seger"]
[Black "Tonino1"]
[WhiteElo "2720"]
[BlackElo "2200"]
[Result "1-0"]
[Round "1"]
1.e4 c5
2.Ng1f3 d6
3.d4 cxd4
4.Nf3xd4 Ng8f6
5.Nb1c3 g6
6.Bc1e3 Bf8g7
7.f3 O-O
8.Qd1d2 Rf8e8
9.O-O-O Nb8c6
10.g4 Bc8d7
11.Kb1 Ra8c8
12.h4 a6
13.h5 Nc6e5
14.Bf1e2 Ne5c4
15.Be2xc4 Rc8xc4
16.hxg6 hxg6
17.Qd2h2 Qd8a5
18.Nd4b3 Qa5c7
19.Be3h6 Bg7h8
20.Bh6f4 Bh8g7
21.Nc3d5 Nf6xd5
22.Qh2h7 Kf8
23.Bf4h6  { time }
1-0

[Event "Tourn. n8685"]
[Site "www.chess-mail.com"]
[Date "2016.04.01"]
[Round "1"]
[White "Francesco"]
[Black "Louis"]
[WhiteElo "1930"]
[BlackElo "1930"]
[Result "0-1"]
[Round "1"]
1.e4 c5
2.c3 Ng8f6
3.e5 Nf6d5
4.c4 Nd5b4
5.Ng1f3 d6
6.a3 Nb4c6
7.Nb1c3 dxe5
8.Bf1e2 e6
9.O-O Bf8e7
10.Rf1e1 O-O
11.Qd1c2 Nc6d4
12.Qc2e4 Nb8c6
13.Nf3xe5 f5
14.Ne5xc6 fxe4
15.Nc6xd8 Nd4c2
16.Nd8xe6 Bc8xe6
17.Nc3xe4 Nc2xa1
18.Be2d1 Be6xc4
19.Ne4c3 Ra8e8
{ resign }
0-1

[Event "Tourn. n8546"]
[Site "www.chess-mail.com"]
[Date "2016.04.01"]
[Round "1"]
[White "Gearoid"]
[Black "Rons"]
[WhiteElo "2370"]
[BlackElo "2610"]
[Result "0-1"]
[Round "1"]
1.e4 c5
2.Nb1c3 Nb8c6
3.f4 g6
4.Ng1f3 Bf8g7
5.Bf1b5 Nc6d4
6.a4 a6
7.Bb5c4 e6
8.O-O Ng8e7
9.e5 d5
10.Bc4d3 Nd4xf3
11.Qd1xf3 f6
12.Bd3e2 fxe5
13.fxe5 Rh8f8
14.Qf3h3 h5
15.Rf1xf8 Kxf8
16.d3 Ne7f5
17.g4 hxg4
18.Be2xg4 Bg7xe5
19.Bg4xf5 gxf5
20.Bc1f4 Be5xf4
21.Qh3h8 Ke7
22.Qh8h4 Kd7
23.Qh4xf4 Kc6
24.Kf2 Qd8d6
25.Qf4xd6 Kxd6
26.h4 Bc8d7
27.a5 d4
28.Nc3a4 Ra8h8
29.Kg3 e5
30.Na4b6 f4
31.Kf3 Bd7c6
32.Kg4 Ke6
33.Kh3 Rh8g8
34.Ra1e1 Rg8g3
35.Kh2 Rg3g2
36.Kh3 Rg2xc2
{ resign }
0-1

[Event "Tourn. n8647"]
[Site "www.chess-mail.com"]
[Date "2016.04.01"]
[Round "1"]
[White "Falcoale"]
[Black "Daquata"]
[WhiteElo "1580"]
[BlackElo "1630"]
[Result "0-1"]
[Round "1"]
1.e4 c5
2.Ng1f3 d6
3.d4 cxd4
4.Nf3xd4 Ng8f6
5.Nb1c3 Nb8c6
6.a3 g6
7.Bf1c4 Bf8g7
8.O-O O-O
9.Nd4b3 Nc6e5
10.Bc4e2 Qd8c7
11.h3 Bc8d7
12.Nb3d2 Ra8c8
13.f3 Bd7c6
14.f4 Ne5d7
15.Rf1e1 e6
16.Be2d3 Nd7c5
17.Bd3c4 Nc5xe4
18.Bc4d3 Ne4xc3
19.bxc3 Nf6d5
20.Nd2e4 Nd5xc3
21.Ne4xc3 Bg7xc3
22.Bc1d2 Bc3xa1
23.Qd1xa1 Bc6a4
24.Re1c1 Qc7b6
25.Kh2 Qb6f2
26.Qa1f6 Qf2xd2
27.Rc1f1 Ba4xc2
28.Bd3xc2 Rc8xc2
{ resign }
0-1

[Event "Tourn. n8687"]
[Site "www.chess-mail.com"]
[Date "2016.04.01"]
[Round "1"]
[White "Elogic"]
[Black "Guidom"]
[WhiteElo "1840"]
[BlackElo "2020"]
[Result "0-1"]
[Round "1"]
1.c4 e5
2.Nb1c3 d6
3.e3 f5
4.g3 Ng8f6
5.Bf1g2 c6
6.d3 Bc8e6
7.b3 Bf8e7
8.Bc1d2 O-O
9.d4 exd4
10.exd4 Rf8e8
11.Ng1e2 Be6f7
12.Bd2f4 d5
13.c5 Nf6e4
14.Nc3xe4 fxe4
15.Bf4e5 Be7f6
16.Be5xf6 Qd8xf6
17.O-O Bf7h5
18.Qd1d2 Bh5f3
19.Ne2f4 Bf3xg2
20.Nf4xg2 Nb8d7
21.Ra1e1 Re8f8
22.f4 Ra8e8
23.h4 Qf6g6
24.Qd2e3 Nd7f6
25.f5 Qg6g4
26.Rf1f4 Qg4h5
27.Qe3e2 Qh5xe2
28.Re1xe2 Nf6h5
29.Rf4f2 Nh5xg3
30.Re2e3 Ng3xf5
31.Re3h3 Nf5xd4
32.Rf2xf8 Re8xf8
33.Ng2e3 Nd4e6
34.b4 Ne6f4
35.Rh3h2 Nf4d3
36.a3 Rf8f3
37.Ne3g2 Nd3e5
{ resign }
0-1

[Event "Tourn. n8667"]
[Site "www.chess-mail.com"]
[Date "2016.04.01"]
[Round "1"]
[White "Raven16"]
[Black "Tonino1"]
[WhiteElo "2210"]
[BlackElo "2200"]
[Result "0-1"]
[Round "1"]
1.d4 Ng8f6
2.c4 g6
3.Nb1c3 Bf8g7
4.e4 d6
5.g3 O-O
6.Bf1g2 e5
7.Ng1e2 Nb8c6
8.Bc1e3 Nc6e7
9.O-O c6
10.Qd1c2 Nf6g4
11.Qc2d2 Ng4xe3
12.Qd2xe3 Qd8b6
13.c5 exd4
14.Ne2xd4 dxc5
15.Nd4b3 c4
16.Qe3xb6 axb6
17.Nb3d2 b5
18.Nd2f3 b4
19.Nc3d1 b3
20.a3 f5
21.e5 Bc8e6
22.Ra1c1 Ne7d5
23.Rc1xc4 Ra8a5
24.Rc4c1 Nd5b6
25.Rf1e1 Nb6c4
26.Nf3d4 Be6d5
27.Nd4xb3 Ra5a7
28.Bg2xd5 cxd5
29.Nb3c5 Nc4xe5
30.Kf1 Ne5f3
31.Re1e7 Nf3xh2
32.Kg2 Nh2g4
33.Nc5xb7 Bg7f6
34.Re7c7 Bf6e5
35.Rc7e7 Rf8b8
36.f4 Be5f6
{ resign }
0-1

[Event "Tourn. n8651"]
[Site "www.chess-mail.com"]
[Date "2016.04.01"]
[Round "1"]
[White "Falcoale"]
[Black "Elogic"]
[WhiteElo "1670"]
[BlackElo "1900"]
[Result "0-1"]
[Round "1"]
1.e4 c5
2.Ng1f3 e6
3.d4 b6
4.b3 Nb8c6
5.Bc1b2 d5
6.Bf1b5 Bc8d7
7.O-O a6
8.Bb5d3 dxe4
9.Bd3xe4 Qd8c7
10.d5 Nc6b4
11.a3 Nb4xd5
12.c4 f5
13.Be4xd5 exd5
14.Nf3e5 d4
15.Rf1e1 O-O-O
16.Ne5f7 Bf8d6
17.Nf7xh8 Bd6xh2
18.Kh1 Ng8h6
19.Qd1h5 Bh2f4
20.Nh8f7 Rd8f8
21.Nf7xh6 gxh6
22.g3 Bd7e8
23.gxf4 Be8xh5
24.Nb1d2 Qc7xf4
25.Bb2c1 Qf4xf2
26.Bc1b2 Qf2xd2
27.Ra1b1 Bh5f3
{ resign }
0-1

[Event "Tourn. n8688"]
[Site "www.chess-mail.com"]
[Date "2016.04.01"]
[Round "1"]
[White "Daquata"]
[Black "Cal"]
[WhiteElo "1660"]
[BlackElo "1650"]
[Result "0-1"]
[Round "1"]
1.e4 e5
2.Ng1f3 d6
3.d4 exd4
4.Nf3xd4 h6
5.Nb1c3 c5
6.Nd4f3 Bc8g4
7.Bf1e2 Ng8f6
8.Bc1f4 Bg4xf3
9.Be2xf3 Bf8e7
10.e5 dxe5
11.Qd1xd8 Be7xd8
12.Bf3xb7 exf4
13.Bb7xa8 O-O
14.O-O-O Nb8d7
15.Ba8c6 Nd7e5
16.Bc6a4 a6
17.Rh1e1 Bd8a5
18.Re1xe5 Ba5b6
19.Rd1d6 Bb6c7
20.Rd6xf6 Bc7xe5
21.Rf6xa6 f5
22.Ba4b3 Kh8
23.Ra6c6 f3
24.g3 Be5d4
25.Nc3d1 h5
26.c3 Bd4e5
27.Rc6xc5 Rf8e8
28.Nd1e3 f4
29.Ne3f5 Be5f6
30.Rc5d5 Re8e1
31.Rd5d1 Re1e2
32.Rd1d2 fxg3
33.Nf5xg3 Bf6g5
{ resign }
0-1

[Event "Tourn. n8688"]
[Site "www.chess-mail.com"]
[Date "2016.04.01"]
[Round "1"]
[White "Redabond"]
[Black "Chessexpert"]
[WhiteElo "1570"]
[BlackElo "1400"]
[Result "0-1"]
[Round "1"]
1.d4 f5
2.Bc1f4 Ng8f6
3.Nb1c3 e6
4.Ng1f3 Bf8b4
5.Qd1d3 O-O
6.a3 Bb4xc3
7.Qd3xc3 Nf6d5
8.Bf4g3 Nd5xc3
9.bxc3 b6
10.e3 Bc8b7
11.Bf1c4 a6
12.O-O Bb7xf3
13.gxf3 d5
14.Bc4d3 Nb8d7
15.c4 c6
16.e4 f4
17.Bg3xf4 Rf8xf4
18.exd5 exd5
19.cxd5 cxd5
20.Kg2 Qd8h4
21.Rf1g1 Ra8f8
22.c3 Rf4xf3
23.Bd3xa6 Rf3xf2
{ resign }
0-1

[Event "Match"]
[Site "www.echecsemail.com"]
[Date "2016.04.01"]
[Round "1"]
[White "Vinvangogh"]
[Black "Chtoubidou"]
[WhiteElo "1480"]
[BlackElo "1950"]
[Result "0-1"]
[Round "1"]
1.d4 d5
2.Ng1f3 Ng8f6
3.Nb1c3 e6
4.Nf3e5 Nb8c6
5.Ne5xf7 Kxf7
6.Bc1g5 Bf8e7
7.e3 Rh8f8
8.Bf1d3 Kg8
9.O-O h6
10.Bg5h4 Nf6h7
11.Qd1g4 Be7xh4
12.Qg4g6 Nh7f6
13.e4 Qd8e8
14.Qg6xe8 { time. }
0-1

[Event "Match"]
[Site "www.echecsemail.com"]
[Date "2016.04.01"]
[Round "1"]
[White "Vinvangogh"]
[Black "Pinehill"]
[WhiteElo "1480"]
[BlackElo "2050"]
[Result "0-1"]
[Round "1"]
1.e4 d5
2.Bf1b5 c6
3.Bb5a4 dxe4
4.Nb1c3 Ng8f6
5.d3 exd3
6.cxd3 Bc8g4
7.Ng1f3 e6
8.Qd1b3 Bg4xf3
9.gxf3 b5
10.Nc3xb5 cxb5
11.Ba4xb5 Nb8d7
12.Bc1f4 Nf6d5
13.Bb5c4 Nd5xf4
14.O-O-O Bf8c5
15.Rd1e1 O-O
16.Rh1g1 { time. }
0-1

[Event "Match"]
[Site "www.echecsemail.com"]
[Date "2016.04.01"]
[Round "1"]
[White "Watford"]
[Black "Vinvangogh"]
[WhiteElo "1690"]
[BlackElo "1480"]
[Result "1-0"]
[Round "1"]
1.e4 e5
2.Nb1c3 Nb8c6
3.Bf1c4 Bf8c5
4.Ng1f3 Qd8f6
5.Nc3d5 Qf6d8
6.a3 Ng8h6
7.O-O d6
8.h3 O-O
9.d3 f5
{ time. }
1-0

[Event "Match"]
[Site "www.echecsemail.com"]
[Date "2016.04.01"]
[Round "1"]
[White "Genius7"]
[Black "Kevinking"]
[WhiteElo "1780"]
[BlackElo "1940"]
[Result "1-0"]
[Round "1"]
1.d4 d5
2.Ng1f3 e6
3.e3 Ng8f6
4.Bf1d3 c5
5.b3 Bf8e7
6.Bc1b2 Nb8c6
7.O-O cxd4
8.exd4 Bc8d7
9.Nb1d2 O-O
10.a3 a5
11.Qd1e2 Qd8c7
{ time. }
1-0

[Event "Match"]
[Site "www.echecsemail.com"]
[Date "2016.04.01"]
[Round "1"]
[White "Mdesouza"]
[Black "Tonino1"]
[WhiteElo "2200"]
[BlackElo "2200"]
[Result "1-0"]
[Round "1"]
1.e4 c5
2.c3 Nb8c6
3.d4 cxd4
4.cxd4 d5
5.e5 e6
6.Ng1f3 Qd8b6
7.Nb1c3 Ng8e7
8.Bf1d3 Bc8d7
9.O-O Nc6xd4
10.Nf3xd4 Qb6xd4
11.Nc3b5 Qd4xe5
12.Rf1e1 Qe5b8
13.g3 Ne7c6
14.Bc1f4 e5
15.Qd1h5 Bf8e7
16.Bf4xe5 Nc6xe5
17.Re1xe5 Bd7e6
18.Re5xe6 g6
19.Bd3xg6 fxg6
20.Qh5xd5 a6
21.Ra1e1 axb5
22.Re6xe7  { time }
1-0